000 00407nam a2200157Ia 4500
008 230917s9999||||xx |||||||||||||| ||und||
020 _cPOU3.95
040 _e6817
_aMAIN
041 _aEnglish
082 _a301.04 W833H
100 _aWolff, Janet
245 0 _aHermeneutic philosophy and the sociology of art
260 _aLondon
_bRoutledge & Kegan Paul
_c1975
300 _avii, 149 p.
942 _cBK
999 _c191953
_d191953